[Event "DEN-ch sf2"]
[Site "Svendborg"]
[Date "2024.03.29"]
[Round "6"]
[White "Jensen, Morten Frank"]
[Black "Haarh, Simon Bjork"]
[Result "0-1"]
[WhiteElo "1999"]
[BlackElo "2003"]
[PlyCount "56"]
[EventDate "2024.03.29"]
[EventType "swiss"]
[EventRounds "7"]
[EventCountry "DEN"]
[SourceTitle "CB16_2024"]
[SourceDate "2024.04.17"]
[SourceVersion "1"]
[SourceVersionDate "2024.04.17"]
[SourceQuality "1"]

1. e4 c5 2. Na3 Nc6 3. Bb5 Qc7 4. Bxc6 Qxc6 5. d3 g6 6. c3 Bg7 7. f4 d6 8. Nf3 Nf6 9. 0-0 0-0 10. Nc2 b5 11. Qe1 Bb7 12. Qh4 Qd7 13. Ne3 c4 14. e5 Nd5 15. d4 Nxe3 16. Bxe3 f6 17. Rad1 Qf5 18. a3 a5 19. Bd2 Rad8 20. Qe1 dxe5 21. fxe5 fxe5 22. dxe5 Rd3 23. Be3 Bxf3 24. Rxf3 Qxe5 25. Rxf8+ Bxf8 26. Rxd3 cxd3 27. Bd2 Qxe1+ 28. Bxe1 Bh6 0-1

[Event "DEN-ch G7 Gr-2"]
[Site "Svendborg"]
[Date "2022.04.15"]
[Round "4"]
[White "Haarh, Simon Bjork"]
[Black "Li, Anna Sofie"]
[Result "1-0"]
[WhiteElo "1877"]
[BlackElo "1571"]
[PlyCount "107"]
[EventDate "2022.04.12"]
[EventType "swiss"]
[EventRounds "7"]
[EventCountry "DEN"]
[SourceTitle "EXT 2024"]
[Source "ChessBase"]
[SourceDate "2023.10.10"]
[SourceVersion "1"]
[SourceVersionDate "2023.10.10"]
[SourceQuality "1"]

1. e4 e6 2. d4 d5 3. Nc3 Nf6 4. e5 Nfd7 5. f4 c5 6. Nf3 Nc6 7. Be3 b6 8. Bb5 Bb7 9. Qd2 Be7 10. Nd1 f6 11. c3 Rc8 12. 0-0 0-0 13. Bf2 Qe8 14. f5 Qf7 15. exf6 gxf6 16. Ne3 e5 17. dxc5 Kh8 18. Qxd5 Bxc5 19. Rad1 Bxe3 20. Bxe3 Rc7 21. Qxf7 Rxf7 22. Nd2 Rg7 23. Rf2 Rc8 24. Bf1 Rcg8 25. Ne4 Ne7 26. Nd6 Bc6 27. Bh6 Nxf5 28. Nxf5 Rg6 29. Rd6 Be4 30. Be3 Bxf5 31. Rxf5 Nc5 32. Bxc5 bxc5 33. Rdxf6 e4 34. Rxg6 Rxg6 35. Re5 Rg4 36. Rxc5 Kg7 37. Kf2 Rf4+ 38. Ke2 Kf6 39. g3 Rg4 40. Ke3 h5 41. Rxh5 Kg6 42. Be2 Kxh5 43. Bxg4+ Kxg4 44. Kxe4 Kh3 45. Kf3 a5 46. c4 a4 47. c5 a3 48. bxa3 Kxh2 49. c6 Kh3 50. c7 Kh2 51. c8Q Kg1 52. Qc1+ Kh2 53. Qd2+ Kh3 54. Qg2# 1-0